Derechos de los ciudadanos en las decisiones globales /
Zapisane w:
| 1. autor: | |
|---|---|
| Format: | Texto |
| Hasła przedmiotowe: | |
| Etykiety: |
Dodaj etykietę
Nie ma etykietki, Dołącz pierwszą etykiete!
|
MARC
| LEADER | 00000 a a2200000 04500 | ||
|---|---|---|---|
| 001 | 9646 | ||
| 003 | |||
| 040 | |||
| 100 | |a Ramírez Sáiz, Juan Manuel | ||
| 245 | |a Derechos de los ciudadanos en las decisiones globales / |c Juan Manuel Ramírez Sáiz | ||
| 650 | |a CIUDADANIA | ||
| 650 | |a GLOBALIZACION | ||
| 650 | |a PARTICIPACION POLITICA | ||
| 773 | |g volumen 7, número 28; páginas 22-35 | ||
| 999 | |c 37677 |d 37677 | ||
